Language Quiz

Random Language or German Quiz
Score 0/55 Timer 05:00
3 Plays Today
Word % Correct
Blanc
88%
Orange
74.8%
Orange
74.8%
Noir
72.5%
Blanco
71.8%
Bleu
71.6%
Gris
71.2%
Gris
71.1%
Verde
71.1%
Verde
71.1%
Verde
71.1%
Negro
70.4%
Rosa
70%
Rouge
70%
Brun
68.3%
Rosado
67.2%
Rosa
66.9%
Vert
65.9%
Cor de Rosa
64.9%
Rose
63.1%
Azul
59.9%
Azul
59.9%
Rojo
59%
Braun
58.9%
Pourpre (Violet)
54.5%
Marrón
53%
Amarillo
50%
Anaranjado
49.3%
Word % Correct
Jaune
49.3%
Blau
43.9%
Schwarz
41.7%
Blu
41.6%
Rot
41.4%
Weiß (Weiss)
39.5%
Grün
39.2%
Lila
34.4%
Púrpura
33.7%
Bianco
30.8%
Gelb
29.3%
Nero
28%
Grau
27.5%
Rosso
26.1%
Púrpura
23.9%
Giallo
14.8%
Grigio
14.4%
Marrone
13.2%
Viola
11.4%
Branco
9.2%
Preto
8.1%
Arancione
7.8%
Vermelho
7.8%
Laranja
7.5%
Amarelo
7.2%
Castanho
5.9%
Cinzento
4.9%

You're not logged in!

Compare scores with friends on all Sporcle quizzes.
OR
Log In

Sporcle TV

Today on Sporcle TV


Watch our educational content, quiz creation guides, and fun videos on Sporcle TV.

Show Comments

Extras

Top Quizzes Today


Score Distribution

Paid Content

Your Account Isn't Verified!

In order to create a playlist on Sporcle, you need to verify the email address you used during registration. Go to your Sporcle Settings to finish the process.

Report this User

Report this user for behavior that violates our Community Guidelines.

Details: